000 00631nam a2200229Ia 4500
003 OSt
005 20220924114257.0
006 a|||||r|||| 00| 0
007 ta
008 220923b |||||||| |||| 00| 0 san d
024 _a263258
037 _cTextual
040 _aARTS
_cARTS
_bsan
041 _2san
_asan
082 _aB9(Q2), 15L4
100 _aHall Fitzedward
_9172762
245 0 _aSurya siddhanta, or an ancient system of Hindu Astronomy
260 _aAmsterdam
_bPhilo Press
_c1974
300 _a388p.
_ccm.
942 _hB9(Q2), 15L4
_cTEXL
_2CC
999 _c392815
_d392815